000 00664nam a2200217 i 4500
001 29599
003 ES-MaACL
005 20250625164309.0
007 t|
008 030122s1964 sp f |||| | spa d
080 _a618.3-06
100 1 _aBarnes, Cyril G.
_925713
245 1 0 _aPatología médica en obstetricia /
_cCyril G. Barnes ; traducción revisada por el Dr. S. Dexeus Jr.
250 _a1ª ed.
260 _aBarcelona, etc :
_bSalvat,
_c1964.
300 _aVIII, 352 p., 6 lám. ;
_c24 cm.
650 4 _aEmbarazo-
_xComplicaciones.
_9151124
700 1 _aDexeus, Santiago,
_d1935-
_9161480
852 _aES-MaACL
_jC-25821
999 _c29599
_d29599